000143631 001__ 143631 000143631 005__ 20240827160351.0 000143631 037__ $$aGDOC-2022-60750 000143631 041__ $$aspa 000143631 041__ $$aeng 000143631 100__ $$1315195$$aIsabel Guillen, Broto 000143631 260__ $$aZaragoza$$bUniversidad de Zaragoza$$c2022-2023 000143631 521__ $$9678$$aMáster Universitario en Abogacía$$bMaster's in Legal Practice 000143631 540__ $$aby-nc-sa$$bCreative Commons$$c3.0$$uhttp://creativecommons.org/licenses/by-nc-sa/3.0/ 000143631 700__ $$0(orcid)0000-0003-1837-1267$$1136116$$aLucía María Molinos, Rubio 000143631 830__ $$9522 000143631 8564_ $$s26200$$uhttps://zaguan.unizar.es/record/143631/files/guia-60750-es.pdf$$yGuía (idioma español) 000143631 970__ $$aGDOC-2022-60750 000143631 980__ $$aGDOC$$bCiencias Sociales y Jurídicas$$bSocial Sciences and Law$$c102